[Event "EU-ch U10 Girls 28th"]
[Site "Riga"]
[Date "2018.08.28"]
[Round "8"]
[White "Svergina, Sofya"]
[Black "Rahimova, Aysel"]
[Result "1-0"]
[WhiteElo "1657"]
[BlackElo "1303"]
[PlyCount "149"]
[EventDate "2018.08.20"]
[EventType "swiss"]
[EventRounds "9"]
[EventCountry "LAT"]
[SourceTitle "CBM 186 Extra"]
[Source "ChessBase"]
[SourceDate "2018.08.24"]
[SourceVersion "1"]
[SourceVersionDate "2018.08.24"]
[SourceQuality "1"]

1. e4 c5 2. Nf3 d6 3. d4 cxd4 4. Nxd4 Nf6 5. Nc3 a6 6. Be3 e5 7. Nb3 Be6 8. Be2 Be7 9. 0-0 0-0 10. h3 Nbd7 11. Qd2 b5 12. Bf3 Nb6 13. Na5 Rc8 14. Rfd1 Qc7 15. a3 Rfd8 16. Rac1 h6 17. Kh1 d5 18. Bxb6 Qxb6 19. Nxd5 Nxd5 20. exd5 Bg5 21. Qe1 Bf5 22. Nc6 Re8 23. Bg4 Bxg4 24. hxg4 Bxc1 25. Rxc1 Rxc6 26. dxc6 Qxc6 27. Qe2 f6 28. Rd1 Rc8 29. Rd2 Qc4 30. Qxc4+ Rxc4 31. f3 Kf7 32. Kh2 Ke6 33. Kg3 g6 34. Kf2 f5 35. gxf5+ Kxf5 36. Ke3 g5 37. g4+ Ke6 38. Rh2 Kd5 39. c3 Rc6 40. Kd3 Rf6 41. Rh3 a5 42. b3 Rf4 43. b4 a4 44. Rg3 e4+ 45. fxe4+ Rxe4 46. Rg2 Rf4 47. Rg3 Rf2 48. Rh3 Rf6 49. Re3 Rf4 50. Rg3 Ke5 51. Re3+ Kf6 52. Re4 Rxe4 53. Kxe4 Kg6 54. c4 Kf6 55. cxb5 Ke6 56. b6 Kd6 57. b5 Kd7 58. Kf5 Kc8 59. Kg6 Kb7 60. Kxh6 Kxb6 61. Kxg5 Kxb5 62. Kf4 Kc4 63. g5 Kb3 64. g6 Kxa3 65. g7 Kb2 66. g8Q a3 67. Qg2+ Kb1 68. Qf1+ Kb2 69. Qb5+ Ka1 70. Ke3 a2 71. Qa4 Kb2 72. Qb4+ Ka1 73. Qc3+ Kb1 74. Kd2 a1Q 75. Qc2# 1-0

[Event "EU-ch U10 Girls 28th"]
[Site "Riga"]
[Date "2018.08.21"]
[Round "2"]
[White "Vlasova, Olesia"]
[Black "Rahimova, Aysel"]
[Result "0-1"]
[WhiteElo "1693"]
[BlackElo "1303"]
[PlyCount "133"]
[EventDate "2018.08.20"]
[EventType "swiss"]
[EventRounds "9"]
[EventCountry "LAT"]
[SourceTitle "CBM 186 Extra"]
[Source "ChessBase"]
[SourceDate "2018.08.24"]
[SourceVersion "1"]
[SourceVersionDate "2018.08.24"]
[SourceQuality "1"]

1. e4 c5 2. Nf3 g6 3. d4 cxd4 4. Qxd4 Nf6 5. e5 Nc6 6. Qa4 Nd5 7. Qe4 Nb6 8. Nc3 Bg7 9. Be2 0-0 10. Bf4 f6 11. exf6 Rxf6 12. 0-0-0 d6 13. a3 Bf5 14. Qe3 Re6 15. Qd2 Bxc3 16. bxc3 Qc7 17. h4 Na5 18. Nd4 Qc5 19. Nb5 a6 20. Be3 Rxe3 21. Qxe3 Qxe3+ 22. fxe3 axb5 23. Bxb5 Nbc4 24. Rde1 Nxa3 25. Bd3 Bxd3 26. cxd3 Nb5 27. Kb2 Nc6 28. c4 Ne5 29. Kc2 Nc7 30. Ra1 Rxa1 31. Rxa1 Na6 32. Rb1 Kf7 33. Kc3 Nc5 34. d4 Ne4+ 35. Kb4 Nc6+ 36. Ka3 Na5 37. Rc1 Nd2 38. c5 d5 39. Kb4 Nac4 40. Rc2 Ke6 41. Ra2 Nf1 42. e4 Nfe3 43. e5 Kd7 44. Rf2 Nf5 45. Kc3 Nce3 46. Kd2 Nc4+ 47. Kd3 Nxh4 48. g4 Ke6 49. Ke2 g5 50. Rh2 Na5 51. Rh1 Nb3 52. Ke3 Na5 53. Kf2 Nc4 54. Rh2 Nd2 55. Ke2 Ndf3 56. Rh1 Nxd4+ 57. Kd3 Ndf3 58. Rb1 Nxe5+ 59. Ke2 Nxg4 60. Rxb7 Ne5 61. Rb6+ Kd7 62. Rh6 d4 63. Rxh7 d3+ 64. Kd1 Nhf3 65. Rh3 g4 66. Rg3 Nc4 67. Rxg4 0-1